000 00930nas a2200313 4500
001 BR2014006107
003 BR-BrBNA
005 20231205124538.0
007 ta
008 230509b bl.|||p| |||| 00| 00por d
040 _aBR-BrBNA
_bpor
_cBiblioteca Nacional de Agricultura
041 _a(En)
072 _aE14; F01
100 1 _aRetamales, J.B.
100 1 _aPalma, M.J.
100 1 _aMorales,Y.A.
100 1 _aLobos, G.A.
100 1 _aMoggia, C.E.
100 1 _aMena, C.A.
245 1 _aBlueberry production in Chile: current status and futures developmens
650 _aMIRTILO
650 _aBIOTECNOLOGIA
650 _aREGULADOR DE CRESCIMENTO
650 _aFITOTECNIA
650 _aDESENVOLVIMENTO AGRÍCOLA
773 0 _tRevista Brasileira de Fruticultura (Brazil)
_xISSN 0100-2945
_g(Mar 2014), v. 36(1) p. 58-67
_wBR2014006107
909 _a202311
_bLúcia
_c55
_dLúcia Elande
942 _2AGRIS
_n0
_cANA
999 _c239633
_d239633